000 00487nam a2200181Ia 4500
008 230917s9999||||xx |||||||||||||| ||und||
020 _cRS729
040 _e243000
_aMAIN
041 _aEnglish
082 _a005.133 L134O(4)
100 _aLafore, Robert
245 0 _aObject oriented programming in C++
250 _a4th ed.
260 _aNoida
_bPearson Prantice hall
_c2017
300 _axxv, 1012 p.
500 _a2907 03/11/2017 HBD17/7111 08/12/2017 Main Budget
942 _cBK
999 _c24404
_d24404